000 00864nam a22001697a 4500
008 150226b xxu||||| |||| 00| 0 eng d
050 _aRA644 .A25
_bC66 2002
245 _aComing to say goodbye
_bstories of aids in Africa
_h[videorecording] :
246 _a Stories of Aids in Africa
260 _a New York :
_b Maryknoll World Productions,
_c 2002
300 _a 1 videocassette :
_bsd., col. ;
_c1/2 in.
500 _a CIRCULATING MEDIA
520 _aThis documentary is a collection of stories about courageous people living with HIV/AIDS in Kenya and Tanzania. Interspersed throughout the stories are the commentaries of church workers and educators, who stand by those suffering, especially those thousands of children orphaned by AIDS
538 _a VHS
650 _a AIDS (Disease)
_zAfrica
942 _2lcc
_cSR
999 _c44335
_d44335